|
วิทยาลัยพยาบาลบรมราชชนนี ยะลา |
|
แสดงรายละเอียดบรรณานุกรม |
|
|
Brief Record
: Get Marc (ISO 2709)
: E-mail record
: |
|
|
|
| LEADER 00000nam 2200000uu 4500 | |||
| 001 3840 | |||
| 003 ULIBM | |||
| 008 260409s2567||||th 000 0 tha d | |||
| 020 ^a9786165109802 | |||
| 050 4 ^aJQ1746^bส888ก | |||
| 100 0 ^aเสกสรรค์ ประเสริฐกุล | |||
| 245 10 ^aการเมืองภาคประชาชนในระบอบประชาธิปไตยไทย/^cเสกสรรค์ ประเสริฐกุล | |||
| 250 ^aพิมพ์ครั้งที่ 5 | |||
| 260 ^aกรุงเทพฯ :^bสำนักพิมพ์ประพันธ์สาส์น ,^c2567. | |||
| 300 ^a254 หน้า:^bภาพประกอบ ;^c21 ซม. | |||
| 650 7 ^aสิทธิของพลเมือง | |||
| 999 ^aฮัซวานี | |||
| คุณยังไม่ได้ล็อกอิน คุณสามารถมีกิจกรรมร่วมกับเว็บไซต์ได้ แต่ต้องล็อกอินก่อน :: |
|
| สถานะ | |||||||||
| 1. | หนังสือทั่วไป | JQ1746 ส888ก 2567 ฉ.1 | ►หนังสือทั่วไปภาษาไทย | On Shelf | |||||
| 2. | หนังสือทั่วไป | JQ1746 ส888ก 2567 ฉ.2 | ►หนังสือทั่วไปภาษาไทย | On Shelf | |||||
| 3. | หนังสือทั่วไป | JQ1746 ส888ก 2567 ฉ.3 | ►หนังสือทั่วไปภาษาไทย | On Shelf | |||||
| 4. | หนังสือทั่วไป | JQ1746 ส888ก 2567 ฉ.4 | ►หนังสือทั่วไปภาษาไทย | On Shelf | |||||
| 5. | หนังสือทั่วไป | JQ1746 ส888ก 2567 ฉ.5 | ►หนังสือทั่วไปภาษาไทย | On Shelf | |||||
| [แสดง 5/5 รายการ] | |||||||||
BibComment |
| คอมเมนท์ทรัพยากรรายการนี้ |
|
|